Every WWE NXT Takeover Main Eventer - Statistics

General Stats
  • This quiz has been taken 424 times
    310 since last reset
  • The average score is 24 of 38
Answer Stats
Event(s) Name No. of Events % Correct
War Games I-IV, New York, XXV, Toronto II, Portland Adam Cole 8
95%
Chicago I-II, Philadelphia, New Orleans, Brooklyn IV, New York, XXV, Toronto II Johnny Gargano 8
90%
Brooklyn I, London, Dallas, The End, 31 Finn Bálor 5
84%
Fatal 4-Way, R Evolution, Rival, Unstoppable Sami Zayn 4
82%
Rival, Unstoppable, Brooklyn I, WarGames III Kevin Owens 4
81%
London, Dallas, The End, Brooklyn II, Toronto Samoa Joe 5
80%
War Games I-IV Bobby Fish 4
77%
War Games I-IV, 31 Kyle O'Reilly 5
76%
War Games I-IV Roderick Strong 4
76%
Brooklyn II, Toronto, San Antonio, Orlando Shinsuke Nakamura 4
75%
Chicago I-II, New Orleans, Brooklyn IV, Phoenix, WarGames III, Portland Tomasso Ciampa 7
75%
War Games II, Blackpool Pete Dunne 2
73%
War Games III, XXX Keith Lee 2
70%
Respect Bayley 1
69%
San Antonio, Orlando, Brooklyn III Bobby Roode 3
67%
Brooklyn III Drew McIntyre 1
67%
Respect Sasha Banks 1
67%
Cardiff, Blackpool II Walter 2
66%
Takeover, Fatal 4-Way, R Evolution Adrian Neville 3
62%
Phoenix Aleister Black 1
57%
In Your House Charlotte Flair 1
57%
XXX Karrion Kross 1
57%
War Games II Ricochet 1
57%
In Your House Rhea Ripley 1
56%
Chicago, War Games I Akam 2
55%
Chicago, War Games I Rezar 2
55%
Cardiff Tyler Bate 1
53%
In Your House Io Shirai 1
51%
Philadelphia Andrade Almas 1
49%
War Games I Killian Dain 1
49%
War Games I Alexander Wolfe 1
48%
War Games I Eric Young 1
48%
Fatal 4-Way Tyler Breeze 1
47%
Takeover, Fatal 4-Way Tyson Kidd 2
44%
War Games II Hanson 1
43%
War Games II Rowe 1
42%
War Games III Dominik Dijakovic 1
35%
Blackpool I-II Joe Coffey 2
26%
No matching quizzes found
Score Distribution
Percent of People with Each Score
Percentile by Number Answered
Your Score History
You have not taken this quiz since the last reset